00337nam a22000977a 4500008004100000082001600041100002900057245010100086260004300187300000900230230621b xxu||||| |||| 00| 0 eng d a328.06bIPU cInterparliamentary Union aPreliminary Documentsb70th Conference SEOUL 4-12 october 1983cAgenda Draft Resolutions Reports aGenevabSecretariat of the Unionc1983 a146p